<?xml version="1.0" encoding="UTF-8"?><?xml-stylesheet type="text/xsl" href="static/style.xsl"?><OAI-PMH xmlns="http://www.openarchives.org/OAI/2.0/" xmlns:xsi="http://www.w3.org/2001/XMLSchema-instance" xsi:schemaLocation="http://www.openarchives.org/OAI/2.0/ http://www.openarchives.org/OAI/2.0/OAI-PMH.xsd"><responseDate>2026-06-01T16:23:43Z</responseDate><request verb="GetRecord" identifier="oai:riuma.uma.es:10630/29972" metadataPrefix="marc">https://riuma.uma.es/rest/oai/request</request><GetRecord><record><header><identifier>oai:riuma.uma.es:10630/29972</identifier><datestamp>2026-02-03T12:08:52Z</datestamp><setSpec>com_10630_2254</setSpec><setSpec>col_10630_37959</setSpec></header><metadata><record xmlns="http://www.loc.gov/MARC21/slim" xmlns:dcterms="http://purl.org/dc/terms/" xmlns:doc="http://www.lyncode.com/xoai" xmlns:xsi="http://www.w3.org/2001/XMLSchema-instance" xsi:schemaLocation="http://www.loc.gov/MARC21/slim http://www.loc.gov/standards/marcxml/schema/MARC21slim.xsd">
   <leader>00925njm 22002777a 4500</leader>
   <datafield ind2=" " ind1=" " tag="042">
      <subfield code="a">dc</subfield>
   </datafield>
   <datafield ind2=" " ind1=" " tag="720">
      <subfield code="a">Cimadomo, Guido</subfield>
      <subfield code="e">author</subfield>
   </datafield>
   <datafield ind2=" " ind1=" " tag="720">
      <subfield code="a">Shahdadpuri Aswani, Vishal</subfield>
      <subfield code="e">author</subfield>
   </datafield>
   <datafield ind2=" " ind1=" " tag="720">
      <subfield code="a">Yeregui-Tejedor, Jorge</subfield>
      <subfield code="e">author</subfield>
   </datafield>
   <datafield ind2=" " ind1=" " tag="260">
      <subfield code="c">2024</subfield>
   </datafield>
   <datafield ind2=" " ind1=" " tag="520">
      <subfield code="a">En menos de una década la disciplina arquitectónica y su educación serán totalmente transformadas por la implementación de herramientas de inteligencia artificial. Este proyecto de investigación se centra en el análisis de la obra de cuatro premios Pritzker publicada en el portal ArchDaily, aplicando un modelo de aprendizaje supervisado de clasificación de imágenes de tipo etiquetado múltiple, que muestra las probabilidades que cada una de las imágenes introducidas pertenezca a uno de los cuatro arquitectos incluidos en el proceso de aprendizaje.  En este primer ensayo, realizado con un conjunto de entrenamiento limitado a 1500 imágenes, se obtiene una precisión media de 0,992. Se realiza un testeo inicial con proyectos de diez arquitectos no incluidos en el proceso de aprendizaje, descubriendo patrones que van más allá de las influencias directas entre proyectos o estrategias similares de diseño, y reconociendo aspectos estructurales de las influencias del lenguaje arquitectónico de ciertos arquitectos.</subfield>
   </datafield>
   <datafield ind1="8" ind2=" " tag="024">
      <subfield code="a">Cimadomo G., Shahdadpuri Aswani V., Yeregui Tejedor J. (2024). Aplicaciones de la Inteligencia artificial en arquitectura. Clasificación y análisis de obra en la era digital. En Calatrava J., Arredondo Garrido D, y Rodríguez Iturriaga M. (Eds.). Comunicar la arquitectura. Del origen de la modernidad a la era digital. Granada, Editorial Universidad de Granada. Pp. 1577-1586.</subfield>
   </datafield>
   <datafield ind1="8" ind2=" " tag="024">
      <subfield code="a">https://hdl.handle.net/10630/29972</subfield>
   </datafield>
   <datafield tag="653" ind2=" " ind1=" ">
      <subfield code="a">Redes neuronales (Informática)</subfield>
   </datafield>
   <datafield tag="653" ind2=" " ind1=" ">
      <subfield code="a">Arquitectura - Estudio y enseñanza superior - Innovaciones tecnológicas</subfield>
   </datafield>
   <datafield ind2="0" ind1="0" tag="245">
      <subfield code="a">Aplicaciones de la Inteligencia Artificial en arquitectura. Clasificación y análisis de obra en la era digital.</subfield>
   </datafield>
</record>
</metadata></record></GetRecord></OAI-PMH>